00772nam a2200181 i 4500001000700000003000900007005001700016007000300033008004100036100007400077245015100151260004900302300002200351710004400373852003200417999001900449952012200468129062ES-MaACL20230906193430.0t|070605s1970 sp ||||1| spa d1 aTeixeira Gurgel, Mario cObispo Auxiliar de Río de Janeiro.910953513aEl decreto del apostolado de los seglares y el manual de la Legión de María / c[versión española por Cosmopolitan Translatión Service]. aEstella (Navarra) : bVerbo Divino, c[1970] a264 p. ; c19 cm.2 aCosmopolitan Translation Service.93315 aES-MaACLjC-51752 bR.76085 c129062d129062 00104070aATENEOMbATENEOMcDEPO2d2008-01-17eSCl0oC-51752p1134403r2023-02-23 00:00:00w2023-02-23yMONOGRAFIA